Michelle Pfeiffer Movies - Sudden Death - Statistics

General Stats
  • This quiz has been taken 55 times
  • The average score is 8 of 19
Answers on the Grid
Answers color-coded by a green-red scale on the quiz's grid according to % correct below.
Hairspray
Mary Reilly
The Age of Innocence
Dangerous Minds
Catwoman
The Fabulous Baker Boys
Reversal of Fortune
Scarface
Bedazzled
What Lies Beneath
One Fine Day
A Midsummer Night’s Dream
If These Walls Could Talk
White Oleander
Married to the Mob
The Bridges of Madison County
Frankie and Johnny
Dangerous Liaisons
Much Ado About Nothing
Batman Returns
Dogville
Grease 2
mother!
Murder on the Orient Express
Ladyhawke
Presumed Innocent
Wolf
Dark Shadows
 
Answer Stats
Answer % Correct
The Age of Innocence
76%
Dangerous Minds
71%
Scarface
71%
The Fabulous Baker Boys
67%
Grease 2
53%
Batman Returns
51%
What Lies Beneath
51%
Hairspray
47%
Married to the Mob
40%
A Midsummer Night’s Dream
36%
Dangerous Liaisons
36%
Frankie and Johnny
36%
One Fine Day
36%
Wolf
31%
Murder on the Orient Express
29%
Dark Shadows
24%
Ladyhawke
22%
White Oleander
22%
mother!
18%
No matching quizzes found
Score Distribution
Percent of People with Each Score
Percentile by Number Answered
Your Score History
You have not taken this quiz